| 000 | 00574nam a2200193Ia 4500 | ||
|---|---|---|---|
| 003 | LDD | ||
| 008 | 181101s9999 xx 000 0 und d | ||
| 020 |
_a9788182236746 _c500.00 |
||
| 040 | _cLDD | ||
| 100 | _aSaeed, edited by Tariq | ||
| 245 | 0 |
_aKalasiki urdu shairee Ki tanqeed;khusroo ta faiz _cedited by Tariq Saeed |
|
| 250 | _a3rd ed. | ||
| 260 |
_aDelhi _bEducational Publishing House _c2015 |
||
| 300 | _a460p. | ||
| 901 |
_a15920 _b17-03-2017 |
||
| 902 |
_a2840 _b17-03-2017 _cF _dPIBD _e8U |
||
| 903 |
_a20 _bReqst by : Moh.Akbar |
||
| 942 |
_2ddc _cUR |
||
| 999 |
_c187 _d187 |
||